LEADER 01361nam 2200445 450 001 9910794248103321 005 20230420080246.0 010 $a987-760-240-7 035 $a(CKB)4100000011506529 035 $a(MiAaPQ)EBC6775397 035 $a(OCoLC)1230507078 035 $a(FINmELB)ELB130162 035 $a(MiAaPQ)EBC30193694 035 $a(Au-PeEL)EBL30193694 035 $a(EXLCZ)994100000011506529 100 $a20230420d2019 uy 0 101 0 $aspa 135 $aurcnu|||||||| 181 $ctxt$2rdacontent/spa 182 $cc$2rdamedia/spa 183 $acr$2rdacarrier/spa 200 10$aManual de buenas pra?cticas para la conservacio?n del bosque nativo /$fAlicia H. Barchuk 205 $a1st ed. 210 1$aCo?rdoba :$cEditorial Brujas & Encuentro Grupo Editor,$d[2019] 210 4$d©2019 215 $a1 recurso en li?nea (365 pa?ginas) 311 $a987-760-234-2 606 $aForest protection 606 $aForestry law and legislation 615 0$aForest protection. 615 0$aForestry law and legislation. 676 $a634.9 700 $aBarchuk$b Alicia H.$01338744 801 0$bMiAaPQ 801 1$bMiAaPQ 801 2$bMiAaPQ 906 $aBOOK 912 $a9910794248103321 996 $aManual de buenas pra?cticas para la conservacio?n del bosque nativo$93837531 997 $aUNINA LEADER 01838nam1 2200385 450 001 990009828120403321 005 20240925144443.0 035 $a000982812 035 $aFED01000982812 035 $a(Aleph)000982812FED01 100 $a20140225d1964----km-y0itay50------ba 101 2 $aeng$afre$ager 102 $aRO 105 $a--------001yy 200 1 $a8. International congress of soil science$etransactions$eBucharest - Romania, 1964$d= 8. Congrès international de la science du sol$ecomptes rendus$d= 8. Internationaler Bodenkundlicher Congress$eBerichte 210 $aBucharest$cPubl. House of the Academy of the Socialist Republic of Romania$d[1964] 215 $a5 v.$d24 cm 327 $a1.: Official communication : General lectures : World soil map 463 \1$1001990009828130403321$12001 $a<<1.: >>Official communications - General lectures - World soil map 463 \1$1001990009828180403321$12001 $a<<3.: >>Soil chemistry - Soil biology - Soil mineralogy 463 \1$1001990009828200403321$12001 $a<<4.: >>Soil fertility and plant nutrition$esymposium biochemical problems of plant nutrition as related to their metabolism 463 \1$1001990009828220403321$12001 $a<<5.: >>Soil genesis, classification and cartography$especial session on forest soils 510 1 $a8. Congrès international de la science du sol$ecomptes rendus 510 1 $a8. Internationaler Bodenkundlicher Congress$eBerichte 610 0 $aPedologia 676 $a631.4$v23$zita 710 12$aInternational Congress of soil science$d8.$f<1964 ;$eBucharest - Romania>$0522275 801 0$aIT$bUNINA$gRICA$2UNIMARC 901 $aBK 912 $a990009828120403321 952 $aA AGR 910-1$b13039/2024$fFAGBC 959 $aDINGE 959 $aFAGBC 996 $a8. International congress of soil science$9835941 997 $aUNINA